| 000 | 00526nam a2200181Ia 4500 | ||
|---|---|---|---|
| 008 | 090122s9999 xx 000 0 und d | ||
| 082 | _b11513 | ||
| 100 |
_aराऊत _bभरतकुमार |
||
| 245 | _aअसा दृष्टिकोन | ||
| 260 |
_bअनघा _c2007 |
||
| 300 | _a208 | ||
| 501 | _aललित वितरण | ||
| 600 | _aराऊत | ||
| 630 | _aअसा दृष्टिकोन | ||
| 700 | _aराऊत | ||
| 730 | _aअसा दृष्टिकोन | ||
| 942 | _cBOOK | ||
| 999 |
_c35590 _d35590 |
||